000
00279nam a22001097a 4500
008
230704b xxu||||| |||| 00| 0 eng d
082
_a
362.71
_b
UNI 1996
245
_a
Report of Meeting of the Water and Sanitation Work
260
_a
Uganda
_c
1996
300
_a
95p
942
_2
ddc
_c
BK
999
_c
3950
_d
3950